| 000 | 00512nam a2200205Ia 4500 | ||
|---|---|---|---|
| 003 | OSt | ||
| 005 | 20230411134553.0 | ||
| 008 | 210423s2009 xx 000 0 und d | ||
| 020 | _a8122420699 | ||
| 040 | _cAL | ||
| 041 | _aeng | ||
| 082 | _a362.1 RAMP | ||
| 100 |
_aRAMANUJAM (P G). _986140 |
||
| 245 | _aMarketing of healthcare services. | ||
| 260 |
_aNew Delhi _bExcel Books _c2009 |
||
| 300 |
_axvii,308 _bPB |
||
| 365 |
_b450 _cINR |
||
| 906 | _ahealthcare ; Marketing ; services. | ||
| 942 |
_2ddc _cBK |
||
| 999 |
_c158475 _d158475 |
||